Countries who had the most citizens die on Mt Everest - Statistics

General Stats
  • This quiz has been taken 29 times
  • The average score is 11 of 13
Answer Stats
# Answer % Correct
12 China
100%
28 India
100%
130 Nepal
100%
20 United Kingdom
100%
7 Canada
96%
21 United States
96%
19 Japan
93%
6 France
85%
6 Germany
85%
8 Russia
85%
9 Australia
78%
11 South Korea
74%
7 Poland
44%
No matching quizzes found
Score Distribution
Percent of People with Each Score
Percentile by Number Answered
Your Score History
You have not taken this quiz